Estudios acerca del derecho de la salud (Registro nro. 1685)
[ vista simple ]
| 000 -LEADER | |
|---|---|
| fixed length control field | 01101 a2200217 4500 |
| 001 - CONTROL NUMBER | |
| control field | 28275 |
| 005 - DATE AND TIME OF LATEST TRANSACTION | |
| control field | 20260407155555.0 |
| 008 - FIXED-LENGTH DATA ELEMENTS--GENERAL INFORMATION | |
| fixed length control field | 260407a2014 arg spa d |
| 003 - CONTROL NUMBER IDENTIFIER | |
| control field | AR-UNSa-BCEJYS |
| 040 ## - CATALOGING SOURCE | |
| Original cataloging agency | AR-UNSa-BCEJYS |
| Language of cataloging | spa |
| Transcribing agency | AR-UNSa-BCEJYS |
| 080 ## - UNIVERSAL DECIMAL CLASSIFICATION NUMBER | |
| Universal Decimal Classification number | 342.7 |
| Common auxiliary subdivision | Derechos fundamentales. Derechos humanos. Derechos y deberes de los ciudadanos (Derecho a la Salud, vivienda) |
| 020 ## - INTERNATIONAL STANDARD BOOK NUMBER | |
| International Standard Book Number | 978-987-03-2757-8 |
| 100 1# - MAIN ENTRY--PERSONAL NAME | |
| Personal name | Aizenberg, Marisa S. |
| 245 10 - TITLE STATEMENT | |
| Title | Estudios acerca del derecho de la salud |
| 264 #1 - PRODUCTION, PUBLICATION, DISTRIBUTION, MANUFACTURE, AND COPYRIGHT NOTICE | |
| Place of production, publication, distribution, manufacture | Buenos Aires : |
| Name of producer, publisher, distributor, manufacturer | Universidad de Buenos Aires. Facultad de Derecho. Departamento de Publicaciones |
| Date of production, publication, distribution, manufacture, or copyright notice | 2014 |
| 300 ## - PHYSICAL DESCRIPTION | |
| Extent | xxxiv, 456 p. |
| Dimensions | 24 cm. |
| 505 ## - FORMATTED CONTENTS NOTE | |
| Formatted contents note | 1. Marco General - 2. La salud, un derecho humano - 3. El ejercicio de la autonomía - 4. Los determinantes de la salud - 5. Salud mental - 6. Medicamentos - 7. Estudios sobre derecho de la salud - 8. Derecho comparado - |
| 590 ## - LOCAL NOTE (RLIN) | |
| Local note | niveau_biblio:m niveau_hierar:0 |
| 856 41 - ELECTRONIC LOCATION AND ACCESS | |
| Uniform Resource Identifier | <a href="https://biblioeco.unsa.edu.ar/pmb/images/libros/Estidudio acerca del Derecho de la Salud-l125002.jpg">https://biblioeco.unsa.edu.ar/pmb/images/libros/Estidudio acerca del Derecho de la Salud-l125002.jpg</a> |
| Link text | Imagen de portada |
| Electronic format type | image/jpeg |
| 942 ## - ADDED ENTRY ELEMENTS (KOHA) | |
| Koha item type | |
| Withdrawn status | Lost status | Damaged status | Not for loan | Home library | Current library | Shelving location | Date acquired | Total checkouts | Full call number | Barcode | Date last seen | Price effective from | Koha item type |
|---|---|---|---|---|---|---|---|---|---|---|---|---|---|
| Biblioteca Prof. Eusebio Cleto del Rey | Biblioteca Prof. Eusebio Cleto del Rey | 07/04/2026 | 342.7 A288 | L125002 | 07/04/2026 | 07/04/2026 | Libro |